00218nam a2200109Ia 4500100001400000654001100014245002400025260002700049082001200076300000800088546001200096 aAbbey S.  aLathe. aHow to run a lathe. bSouth bend lathec2001 a621.942 a128 aENGLISH